000 01156cab a2200229 4500
001 ABS48734
008 090401t1993 xxu||||| |||| 00| 0 eng d
035 _a(Sirsi) u68338
041 _aeng
245 _aSteel Linings Ltd and Harvey v Bibby and Co
260 _c1993
350 _a0
490 _aRating Appeals
_v3 RA 1993 27-38(7)
520 _aCA 26 March 1993. S had a liability order issued against them in respect of unpaid non-domestic rates. Bailiffs (B) visited the premises three times. Before distress was levied a payment was made reducing the bill to £7,385. B then removed equipment and vehicles worth £46,340 according to S. County Court proceedings were instigated by S claiming excess levy of distress and damage to property, also a director of S claimed personal injury. The County Court issued an injunction restraining the sale of the goods by B and ordering them made available for collection by S. B appealed. Appeal dismissed.
650 _aBAILIFFS
650 _aDISTRESS
650 _aEXCESSIVE DISTRESS
650 _aRATE ARREARS
690 _aRATING AND VALUATION-CASE LAW
942 _n0
948 _c04/03/1997
999 _c42879
_d42879